000 01343nam a2200229Ia 4500
001 280
005 20251205091210.0
008 251203t2011||||xx |||||||||||||| ||spa||
020 _a9786123060329
041 _aESP
082 _aRO 985
_bB96
100 _aBusto Duthurburu, José Antonio del,
_cAUT
245 0 _aObras escogidas José Antonio del Busto :
_bTomos 1-16
250 _aPrimera edición
260 _aLima :
_bProducciones Cantabria,
_c2011
300 _a196 páginas :
_b ilustraciones, fotografías ;
_c 29 cm.
505 _aContiene: Tomo 1. Perú Preincaico; Tomo 2. Perú Incaico; Tomo 3. Los hijos del sol / Túpac Yupanqui, descubridor de Oceanía; Tomo 4. Pizarro, el marqués gobernador; Tomo 5. Historia de los descubrimientos geográficos; Tomo 6. La conquista del Perú; Tomo 7. La pacificación del Perú; Tomo 8. La hueste perulera; Tomo 9. Los trece de la fama / Fundadores de ciudades en el Perú (Siglo XVI); Tomo 10. San Martín de Porras; Tomo 11. Santa Rosa de Lima; Tomo 12. Las artes virreinales; Tomo 13. Compendio de historia del Perú I; Tomo 14. Compendio de historia del Perú II; Tomo 15. Memorias de un historiador; Tomo 16. Breve historia de los negros del Perú; Tres ensayos peruanistas.
650 _aGEH
653 _aPerú - Historia; Colección
654 _aCTP
942 _cLIB
_dJUS
_fMAT
_2ddc
999 _c280
_d280